LIBRARY & INFORMATION CENTRE, KCAET, TAVANUR

ONLINE PUBLIC ACCESS CATALOGUE (OPAC)

Computer aided analysis of 'sit and stand' type coconut climbers for mechanical stability (Record no. 15522)

MARC details
000 -LEADER
fixed length control field 00542nam a22001577a 4500
003 - CONTROL NUMBER IDENTIFIER
control field OSt
008 - FIXED-LENGTH DATA ELEMENTS--GENERAL INFORMATION
fixed length control field 180904b ||||| |||| 00| 0 eng d
082 ## - DEWEY DECIMAL CLASSIFICATION NUMBER
Classification number 631.1
Item number POO/CO
100 ## - MAIN ENTRY--AUTHOR NAME
Personal name Pooja, V
245 ## - TITLE STATEMENT
Title Computer aided analysis of 'sit and stand' type coconut climbers for mechanical stability
260 ## - PUBLICATION, DISTRIBUTION, ETC. (IMPRINT)
Place of publication Thavanur
Name of publisher Department of farm machinery and power engineering
Year of publication 2018
300 ## - PHYSICAL DESCRIPTION
Number of Pages 120
Accompanying material CD
700 ## - ADDED ENTRY--PERSONAL NAME
Personal name Jayan, P.R (Guide)
856 ## - ELECTRONIC LOCATION AND ACCESS
Uniform Resource Identifier <a href="https://drive.google.com/open?id=1OElZVMLhb0-ffY9I13phvgZPWKjNsu2F">https://drive.google.com/open?id=1OElZVMLhb0-ffY9I13phvgZPWKjNsu2F</a>
942 ## - ADDED ENTRY ELEMENTS (KOHA)
Koha item type Project Report
Holdings
Withdrawn status Lost status Damaged status Home library Current library Date acquired Full call number Accession Number Koha item type
      KAUAET KAUAET 04/09/2018 631.1 POO/CO T 425 Project Report
free website counter